Business result : pre-intermediate /

Hlavní autor: Grant, David
Další autoři: Hudson, Jane, Hughes, John, Appleby, Rachel, 1929-, Bartram, Mark
Jazyk: Angličtina
Vydáno: Oxford : Oxford University Press, 2017
Vydání: Second edition
Témata:
Fyzický popis: 3 svazky : barevné ilustrace ; 30 cm
LEADER 02910nam a2200637 ia4500
001 001594428
003 CZ BrMZK
005 20171011115456.0
007 ta
008 170912s2017 xxka e p 000 0 eng
020 |a 978-0-19-473876-7  |q (student's book ;  |q brožováno) 
020 |a 978-0-19-473881-1  |q (teacher's book ;  |q brožováno) 
020 |a 978-0-19-473883-5  |q (teacher's book ;  |q DVD) 
020 |a 978-0-19-473884-2  |q (CDs) 
040 |a BOA001  |b cze  |e rda 
072 7 |a 811.111  |x Angličtina  |2 Konspekt  |9 11 
072 7 |a 37.016  |x Učební osnovy. Vyučovací předměty. Učebnice  |2 Konspekt  |9 22 
080 |a 811.111  |2 MRF 
080 |a 339  |2 MRF 
080 |a 81'373.46  |2 MRF 
080 |a (07.062)81  |2 MRF 
080 |a (072)  |2 MRF 
100 1 |a Grant, David  |7 pna2006322411  |4 aut 
245 1 0 |a Business result :  |b pre-intermediate /  |c David Grant, Jane Hudson & John Hughes 
246 3 |a Business result - pre-intermediate 
250 |a Second edition 
264 1 |a Oxford :  |b Oxford University Press,  |c 2017 
300 |a 3 svazky :  |b barevné ilustrace ;  |c 30 cm 
336 |a text  |b txt  |2 rdacontent 
336 |a mluvené slovo  |b spw  |2 rdacontent 
336 |a dvojrozměrný pohyblivý obraz  |b tdi  |2 rdacontent 
337 |a bez média  |b n  |2 rdamedia 
337 |a audio  |b s  |2 rdamedia 
337 |a video  |b v  |2 rdamedia 
338 |a svazek  |b nc  |2 rdacarrier 
338 |a audiodisk  |b sd  |2 rdacarrier 
338 |a videodisk  |b vd  |2 rdacarrier 
500 |a Na zadní straně obálky: CEFR B1, A2, A1 
505 0 |a student's book with online practice. 159 stran -- teacher's book / Rachel Appleby, Mark Bartram & David Grant. 96 stran + 1 DVD video -- class CD. 2 audio CD 
650 0 7 |a angličtina  |7 ph114056  |2 czenas 
650 0 7 |a obchod  |7 ph115513  |2 czenas 
650 0 7 |a oborová terminologie  |7 ph138998  |2 czenas 
653 0 |a jazyková úroveň A2 
655 7 |a jazykové učebnice, texty, příručky (A)  |7 fd600889  |2 czenas 
655 7 |a metodické příručky  |7 fd132826  |2 czenas 
700 1 |a Hudson, Jane  |7 pna2008467140  |4 aut 
700 1 |a Hughes, John  |7 pna2006322406  |4 aut 
700 1 |a Appleby, Rachel,  |d 1929-  |7 pna2007384219  |4 aut 
700 1 |a Bartram, Mark  |7 xx0046163  |4 aut 
910 |a BOA001  |b 4-1393.743  |b CDR-1393.743  |b CDR-1393.744 
990 |a BK 
991 |b 201710  |c NOV  |x 99 
996 7 |b 2610718388  |c 4-1393.743  |d 1,student's book  |v 1  |l Anglická knihovna/2.patro  |r ZHR  |n 12  |p kupz  |h EB 24  |w 001630017  |u 000010  |a 0  |e BOA001  |j MZK50  |s A 
996 7 |b 2610718389  |c 4-1393.743  |d 2,teacher's book  |v 2  |l Anglická knihovna/2.patro  |r ZHR  |n 7  |p kupz  |h EB 24  |w 001630017  |u 000020  |a 0  |e BOA001  |j MZK50  |s A 
996 7 |b 2610718390  |c CDR-1393.744  |d 3, CD 1-2  |v 3  |l Anglická knihovna/2.patro  |r ZHR  |n 8  |p kupz  |h CD-B 214  |w 001630017  |u 000040  |a 0  |e BOA001  |j MZK50  |s A 
996 7 |b DKAA000535  |c CDR-1393.743  |d 2,teacher's book DVD  |v 2a  |l Anglická knihovna/2.patro  |r ZHR  |n 2  |p kupz  |h DVD 233  |w 001630017  |u 000030  |a 0  |e BOA001  |j MZK50  |s A